000
00293nam a2200121Ia 4500
999
_c
6805
_d
6805
020
_a
978-0367403119
082
_a
512.55
100
_a
Price,G .Baley.
245
3
_a
An Introduction To Multicomplex Spaces And Functions
260
_a
New York
_b
Mc Graw Hill
_c
1991
300
_a
402
942
_c
BK